000 00243nam a2200109Ia 4500
008 201231s9999 xx 000 0 und d
100 _aUNESCO
245 0 _aWorld Education Report 1995
260 _aOxford
_bUNESCO
300 _a174
942 _cBK
999 _c9192
_d9192